[Event "Poti op 16th"]
[Site "Poti"]
[Date "2023.07.20"]
[Round "9"]
[White "Alikhanyan, Artak"]
[Black "Manukyan, Sevak N"]
[Result "1/2-1/2"]
[WhiteElo "2129"]
[BlackElo "2123"]
[PlyCount "118"]
[EventDate "2023.07.12"]
[EventType "swiss"]
[EventRounds "9"]
[EventCountry "GEO"]
[SourceTitle "EXT 2024"]
[Source "ChessBase"]
[SourceDate "2023.10.10"]
[SourceVersion "1"]
[SourceVersionDate "2023.10.10"]
[SourceQuality "1"]

1. e4 c5 2. Nf3 d6 3. Bb5+ Bd7 4. Bxd7+ Nxd7 5. 0-0 Ngf6 6. Re1 e6 7. b3 Be7 8. Bb2 0-0 9. c4 a6 10. Nc3 Rc8 11. d4 cxd4 12. Qxd4 Qa5 13. Nd2 Rc6 14. a4 Bd8 15. h3 Bb6 16. Qd3 Qh5 17. Rad1 Qg6 18. Nf3 Ba5 19. Nh4 Qh5 20. Qg3 Rb6 21. Nd5 exd5 22. Rxd5 Rxb3 23. Rxh5 Rxg3 24. Rxa5 Rb3 25. Bxf6 Nxf6 26. Nf5 Rd8 27. c5 dxc5 28. Rxc5 g6 29. Ng3 Rd4 30. e5 Nd5 31. e6 fxe6 32. Rxe6 Rc3 33. Rxc3 Nxc3 34. a5 Rd5 35. Re7 Rb5 36. Rd7 h5 37. f3 Rxa5 38. Rxb7 Ra1+ 39. Kh2 h4 40. Ne4 Nxe4 41. fxe4 a5 42. e5 Re1 43. Rb5 a4 44. Rb4 a3 45. Ra4 Re3 46. Rxh4 Rxe5 47. Ra4 Re3 48. Ra7 Kf8 49. h4 Ke8 50. g3 Re2+ 51. Kh3 a2 52. Kg4 Rg2 53. Kf3 Rb2 54. Kf4 Rg2 55. g4 Kf8 56. Kg5 Kg8 57. Ra6 Kf7 58. Ra4 Ke6 59. Ra5 Kd6 1/2-1/2

[Event "Poti op 14th"]
[Site "Poti"]
[Date "2019.07.14"]
[Round "2"]
[White "Siprashvili, Ivane"]
[Black "Manukyan, Sevak N"]
[Result "0-1"]
[WhiteElo "2062"]
[BlackElo "1830"]
[PlyCount "146"]
[EventDate "2019.07.13"]
[EventType "swiss"]
[EventRounds "9"]
[EventCountry "GEO"]
[SourceTitle "EXT 2020"]
[Source "ChessBase"]
[SourceDate "2019.10.17"]
[SourceVersion "1"]
[SourceVersionDate "2019.10.17"]
[SourceQuality "1"]

1. c4 Nf6 2. Nc3 c5 3. Nf3 b6 4. d4 cxd4 5. Qxd4 Bb7 6. Bf4 d6 7. Qd2 Nbd7 8. e3 g6 9. Be2 Bg7 10. 0-0 0-0 11. h3 Rc8 12. Rac1 Nc5 13. Rfd1 Nce4 14. Nxe4 Nxe4 15. Qb4 Qc7 16. Nd2 Nc5 17. Qa3 Ba8 18. Bg3 Qc6 19. f3 Qa4 20. Nb1 Qxa3 21. bxa3 Na4 22. Be1 Rc7 23. Rc2 Rfc8 24. Rdc1 d5 25. Nc3 Nxc3 26. Bxc3 Bxc3 27. Rxc3 Bb7 28. a4 Rc5 29. Kf2 Ba6 30. e4 e6 31. Ke3 dxc4 32. Rd1 R8c7 33. Rd8+ Kg7 34. f4 Ra5 35. Bd1 Bb7 36. Rd4 Rac5 37. Be2 Ba6 38. g4 Ra5 39. Bd1 Rac5 40. Be2 Kf8 41. h4 Ke7 42. g5 Ra5 43. Bd1 e5 44. fxe5 Rxe5 45. Rd5 Rxd5 46. exd5 Kd6 47. Kd4 Rc5 48. Bf3 Ra5 49. Be4 Rxa4 50. a3 Bb7 51. h5 Ra5 52. hxg6 hxg6 53. Rg3 Rc5 54. Rf3 Bxd5 55. Bxd5 Rxd5+ 56. Kxc4 Rf5 57. Rd3+ Kc6 58. Rg3 Rf4+ 59. Kb3 Rf5 60. Kc4 Kd6 61. Rd3+ Ke6 62. Re3+ Re5 63. Rg3 a6 64. Kb4 f6 65. gxf6 Kxf6 66. Kc4 g5 67. Kd4 Re8 68. Rf3+ Kg6 69. Rc3 Kf5 70. Rc6 Re6 71. Rc8 g4 72. Rf8+ Rf6 73. Rg8 Kf4 0-1

[Event "Moscow ACF Botvinnik Memorial"]
[Site "Moscow"]
[Date "2018.08.10"]
[Round "2.2"]
[White "Kovalev, Vladislav"]
[Black "Manukyan, Sevak N"]
[Result "1-0"]
[WhiteElo "2667"]
[BlackElo "1799"]
[PlyCount "133"]
[EventDate "2018.08.10"]
[EventType "team-swiss"]
[EventRounds "7"]
[EventCountry "RUS"]
[SourceTitle "CBM 186 Extra"]
[Source "ChessBase"]
[SourceDate "2018.08.24"]
[SourceVersion "1"]
[SourceVersionDate "2018.08.24"]
[SourceQuality "1"]
[WhiteTeam "Belarus"]
[BlackTeam "Armenia"]
[WhiteTeamCountry "BLR"]
[BlackTeamCountry "ARM"]

1. e4 e6 2. d4 d5 3. Nd2 Nc6 4. Ngf3 Nf6 5. e5 Nd7 6. Bb5 a6 7. Ba4 b5 8. Bb3 Na5 9. c3 Nxb3 10. Nxb3 c5 11. dxc5 Nxc5 12. Be3 Qc7 13. Nxc5 Bxc5 14. Bxc5 Qxc5 15. Qd4 Qxd4 16. cxd4 Bd7 17. Kd2 Rc8 18. Rhc1 Rc4 19. b3 Rxc1 20. Rxc1 Ke7 21. Ne1 Rc8 22. Rxc8 Bxc8 23. b4 Kd7 24. Nd3 Kc6 25. Nf4 g6 26. h4 Kd7 27. Nd3 Ke7 28. Ke3 Kf8 29. Kf4 Kg7 30. Kg5 h6+ 31. Kf4 Bd7 32. Nc5 Bc8 33. Ke3 Kf8 34. Kd2 Kg7 35. f3 Kf8 36. a4 Kg7 37. a5 Kf8 38. Ke3 Kg7 39. Kf4 Kh7 40. Nd3 Kg7 41. Nf2 Kf8 42. Ng4 Kg7 43. Nf6 Bb7 44. Kg4 Bc6 45. h5 Kf8 46. Kh4 Kg7 47. f4 Kf8 48. g4 Kg7 49. g5 hxg5+ 50. Kxg5 gxh5 51. Nxh5+ Kf8 52. Kf6 Bd7 53. Ng3 Bc8 54. Ne2 Bd7 55. Ng1 Be8 56. Nf3 Bc6 57. Nh2 Be8 58. Nf1 Bc6 59. Ne3 Bd7 60. f5 Bc8 61. fxe6 Bxe6 62. Ng2 Bg4 63. Nf4 Bf3 64. e6 fxe6 65. Kxe6 Ke8 66. Kd6 Kd8 67. Nd3 1-0

[Event "Yerevan op 2nd"]
[Site "Yerevan"]
[Date "2017.09.25"]
[Round "7"]
[White "Manukyan, Sevak N"]
[Black "Petrosyants, Argishti"]
[Result "1-0"]
[WhiteElo "1799"]
[BlackElo "1667"]
[PlyCount "99"]
[EventDate "2017.09.19"]
[EventType "swiss"]
[EventRounds "9"]
[EventCountry "ARM"]
[SourceTitle "EXT 2018"]
[Source "ChessBase"]
[SourceDate "2017.10.13"]
[SourceVersion "1"]
[SourceVersionDate "2017.10.13"]
[SourceQuality "1"]

1. d4 d5 2. c4 e6 3. cxd5 exd5 4. Nc3 Nf6 5. Bg5 Be7 6. e3 0-0 7. Bd3 c6 8. Qc2 Nbd7 9. Nf3 Re8 10. 0-0 Nf8 11. h3 Ng6 12. Rab1 Ne4 13. Bxe7 Qxe7 14. b4 Ng5 15. Nxg5 Qxg5 16. f4 Qf6 17. Rfe1 Qd6 18. Na4 b6 19. b5 cxb5 20. Bxb5 Bd7 21. Bxd7 Qxd7 22. Nb2 Nh4 23. Nd3 f6 24. Nb4 Rac8 25. Qb3 Rc4 26. Nd3 Rec8 27. Qb5 Qxb5 28. Rxb5 Rc2 29. Nf2 Rxa2 30. Rxd5 Rcc2 31. Rf1 a5 32. e4 a4 33. Rd8+ Kf7 34. d5 a3 35. Ra8 Ng6 36. Ra7+ Kg8 37. e5 Nxf4 38. d6 Rd2 39. d7 Kf8 40. exf6 gxf6 41. Re1 Rxd7 42. Rxd7 Rb2 43. Kf1 a2 44. Ra7 b5 45. g3 Nd5 46. Nd3 Rd2 47. Nc5 Nc3 48. Ne6+ Kg8 49. Rg7+ Kh8 50. Rc7 1-0

[Event "Yerevan op 2nd"]
[Site "Yerevan"]
[Date "2017.09.24"]
[Round "6"]
[White "Harutyunyan, Erik"]
[Black "Manukyan, Sevak N"]
[Result "1-0"]
[WhiteElo "2031"]
[BlackElo "1799"]
[PlyCount "78"]
[EventDate "2017.09.19"]
[EventType "swiss"]
[EventRounds "9"]
[EventCountry "ARM"]
[SourceTitle "CBM 180 Extra"]
[Source "ChessBase"]
[SourceDate "2017.10.06"]
[SourceVersion "1"]
[SourceVersionDate "2017.10.06"]
[SourceQuality "1"]

1. e4 e6 2. d4 d5 3. Nd2 Be7 4. Ngf3 Nf6 5. e5 Nfd7 6. Bd3 c5 7. 0-0 Nc6 8. Re1 g5 9. h3 h5 10. c4 Nb6 11. dxc5 Nb4 12. Bb1 Nxc4 13. Nxc4 dxc4 14. Qa4+ Nc6 15. Qxc4 Rg8 16. Be4 Bd7 17. g4 hxg4 18. hxg4 Qc7 19. Bd2 0-0-0 20. b4 a6 21. a4 Na7 22. b5 axb5 23. axb5 Bxb5 24. Qb3 Ba6 25. Ba5 Qd7 26. Bxd8 Rxd8 27. c6 Nxc6 28. Rxa6 bxa6 29. Rc1 Kc7 30. Rxc6+ Qxc6 31. Bxc6 Kxc6 32. Qc4+ Kb7 33. Qe4+ Rd5 34. Qh7 a5 35. Qxf7 Rd7 36. Qxe6 Rc7 37. Qd5+ Kb6 38. Nd4 Bc5 39. Ne6 Rc8 1-0

[Event "Yerevan op 2nd"]
[Site "Yerevan"]
[Date "2017.09.22"]
[Round "4"]
[White "Alikhanyan, Artak"]
[Black "Manukyan, Sevak N"]
[Result "0-1"]
[WhiteElo "1421"]
[BlackElo "1799"]
[PlyCount "126"]
[EventDate "2017.09.19"]
[EventType "swiss"]
[EventRounds "9"]
[EventCountry "ARM"]
[SourceTitle "CBM 180 Extra"]
[Source "ChessBase"]
[SourceDate "2017.10.06"]
[SourceVersion "1"]
[SourceVersionDate "2017.10.06"]
[SourceQuality "1"]

1. d4 Nf6 2. c4 c5 3. Nf3 cxd4 4. Nxd4 e5 5. Nc2 Nc6 6. Nc3 Bc5 7. e3 0-0 8. Be2 d6 9. a3 a5 10. 0-0 Be6 11. Rb1 a4 12. Bd3 Qa5 13. Nd5 Bxd5 14. cxd5 Nxd5 15. Bxh7+ Kxh7 16. Qxd5 Kg8 17. Qf3 Qb5 18. Rd1 Qb3 19. Qe2 e4 20. Na1 Qe6 21. Bd2 Ne5 22. Nc2 Nd3 23. Ne1 Ne5 24. Bc3 Nc4 25. g3 Rad8 26. Ng2 Ne5 27. Bxe5 Qxe5 28. Qb5 Ra8 29. Nf4 b6 30. Qe2 Rfe8 31. Qg4 g6 32. Rd5 Qg7 33. h4 Re5 34. Rbd1 Rae8 35. h5 gxh5 36. Qxg7+ Kxg7 37. Nxh5+ Kg6 38. Nf4+ Kg5 39. Rxe5+ Rxe5 40. Rd5 Kf5 41. Kf1 b5 42. Ke1 b4 43. axb4 Bxb4+ 44. Kd1 Rxd5+ 45. Nxd5 Ba5 46. Ne7+ Ke6 47. Nc6 Bb6 48. Nb4 d5 49. Nc2 Bc5 50. Ke2 Kd6 51. f3 f5 52. Kf2 Kc6 53. Ke2 Kb5 54. fxe4 dxe4 55. Kd2 Kc4 56. Na1 Bd6 57. Nc2 Be5 58. Kc1 Kb3 59. Kd2 Bxb2 60. Kd1 a3 61. Nxa3 Bxa3 62. Ke2 Bd6 63. Kf2 Kc3 0-1

[Event "Yerevan Asrian Memorial 10th"]
[Site "Yerevan"]
[Date "2017.06.23"]
[Round "3"]
[White "Gharibyan, Mamikon"]
[Black "Manukyan, Sevak N"]
[Result "1/2-1/2"]
[WhiteElo "2414"]
[BlackElo "1791"]
[PlyCount "210"]
[EventDate "2017.06.21"]
[EventType "swiss"]
[EventRounds "9"]
[EventCountry "ARM"]
[SourceTitle "EXT 2018"]
[Source "ChessBase"]
[SourceDate "2017.10.13"]
[SourceVersion "1"]
[SourceVersionDate "2017.10.13"]
[SourceQuality "1"]

1. d4 Nf6 2. Nf3 g6 3. c4 c5 4. Nc3 Bg7 5. d5 0-0 6. e4 b5 7. cxb5 a6 8. bxa6 Qa5 9. Qa4 Qxa4 10. Nxa4 d6 11. Nb6 Ra7 12. e5 dxe5 13. Nxe5 Nxd5 14. Nxd5 Bxe5 15. Bf4 Bxf4 16. Nxf4 Nxa6 17. Bc4 Bf5 18. 0-0 Rb8 19. b3 Nb4 20. Nd5 Nxd5 21. Bxd5 Ra3 22. f3 Bd3 23. Rfd1 Bb5 24. Rdc1 e6 25. Bc4 Bxc4 26. Rxc4 Rbxb3 27. axb3 Rxa1+ 28. Kf2 Ra2+ 29. Kg3 Ra3 30. Rxc5 Rxb3 31. h4 h5 32. Rc7 Kg7 33. Ra7 Kf6 34. Ra5 Rb6 35. Kf4 Rb4+ 36. Kg3 Rd4 37. Rb5 Rd6 38. Kf4 Rd4+ 39. Kg3 Ke7 40. Ra5 Rd7 41. Rb5 Kf6 42. Kf4 Rd4+ 43. Kg3 e5 44. Ra5 Ke6 45. Ra7 f5 46. Rg7 Kf6 47. Ra7 f4+ 48. Kh2 e4 49. Ra6+ Kg7 50. Ra7+ Kh6 51. fxe4 Rxe4 52. Rf7 f3 53. Rxf3 Rxh4+ 54. Kg3 Rg4+ 55. Kh3 Kg5 56. Ra3 Rf4 57. Ra5+ Rf5 58. Ra4 Re5 59. Rb4 Kf6 60. Kh4 Re1 61. Rb6+ Kg7 62. Ra6 Kh6 63. Rb6 Re2 64. Kg3 Re5 65. Kh3 Kg5 66. Rb4 Re3+ 67. g3 Re6 68. Ra4 Kh6 69. Ra5 g5 70. Kg2 Kg6 71. Kf3 Kf6 72. Kf2 Re5 73. Ra8 Kf5 74. Kf3 Rc5 75. Rf8+ Kg6 76. Rg8+ Kf6 77. Rf8+ Kg7 78. Ra8 Rc3+ 79. Kg2 Rc2+ 80. Kf3 Rc3+ 81. Kg2 Rc6 82. Ra2 Kg6 83. Rb2 Re6 84. Rf2 Re5 85. Rb2 Kf5 86. Ra2 Rd5 87. Re2 Rd4 88. Rf2+ Ke5 89. Ra2 Ke4 90. Re2+ Kd5 91. Rf2 Ke5 92. Ra2 Kf5 93. Rf2+ Kg4 94. Ra2 Re4 95. Rb2 Kf5 96. Rf2+ Ke5 97. Ra2 Kd4 98. Ra4+ Kd3 99. Ra3+ Kc2 100. Ra5 Rg4 101. Kf3 Kc3 102. Re5 Kd4 103. Re8 Kd5 104. Rh8 Ke6 105. Rxh5 Kf5 1/2-1/2

[Event "Wch U12"]
[Site "Batumi"]
[Date "2016.10.21"]
[Round "3"]
[White "Biletskiy, Danylo"]
[Black "Manukyan, Sevak N"]
[Result "1-0"]
[WhiteElo "1922"]
[BlackElo "1626"]
[PlyCount "47"]
[EventDate "2016.10.19"]
[EventType "swiss"]
[EventRounds "11"]
[EventCountry "GEO"]
[SourceTitle "EXT 2018"]
[Source "ChessBase"]
[SourceDate "2017.10.13"]
[SourceVersion "1"]
[SourceVersionDate "2017.10.13"]
[SourceQuality "1"]

1. Nf3 c5 2. c4 g6 3. g3 Bg7 4. Bg2 Nc6 5. Nc3 d6 6. b3 e5 7. 0-0 Nge7 8. Bb2 0-0 9. d3 h6 10. Ne1 Be6 11. Nd5 Qd7 12. Nc2 Bh3 13. Nde3 Bxg2 14. Kxg2 f5 15. f4 g5 16. Qd2 Qe6 17. Rad1 exf4 18. gxf4 g4 19. Rb1 Rae8 20. Bxg7 Kxg7 21. Qc3+ Kh7 22. Nd5 Nd4 23. Nxd4 cxd4 24. Qe1 1-0

[Event "EU-ch U10 25th"]
[Site "Porec"]
[Date "2015.09.25"]
[Round "5"]
[White "Manukyan, Sevak N"]
[Black "Larichev, Prokhor"]
[Result "1-0"]
[WhiteElo "1622"]
[BlackElo "1345"]
[PlyCount "79"]
[EventDate "2015.09.21"]
[EventType "swiss"]
[EventRounds "9"]
[EventCountry "CRO"]
[SourceTitle "EXT 2016"]
[Source "ChessBase"]
[SourceDate "2015.10.08"]
[SourceVersion "1"]
[SourceVersionDate "2015.10.08"]
[SourceQuality "1"]

1. d4 d5 2. c4 e6 3. Nf3 c6 4. e3 Nf6 5. b3 Nbd7 6. Bd3 Bd6 7. Bb2 Qe7 8. 0-0 0-0 9. Ne5 c5 10. f4 Bc7 11. Rf3 b6 12. Rh3 h6 13. Nd2 Bb7 14. g4 Ne4 15. Qc2 Nxd2 16. Qxd2 cxd4 17. exd4 Nxe5 18. fxe5 Rfd8 19. Rf1 dxc4 20. bxc4 Rd7 21. Rf6 Kf8 22. Rhxh6 gxh6 23. Rxh6 Bxe5 24. dxe5 Qc5+ 25. Kf1 Rc7 26. Qg5 Ke8 27. Qf6 Qe7 28. Rh8+ Kd7 29. Qxe7+ Kxe7 30. Ba3+ Kd7 31. Rh7 Rg8 32. Rxf7+ Kc8 33. Rf4 Rcg7 34. Be2 Rg5 35. Bd6 Bc6 36. h4 R5g7 37. h5 Kd7 38. h6 Rh7 39. Rf6 Ke8 40. Bd3 1-0

[Event "EU-ch U10 25th"]
[Site "Porec"]
[Date "2015.09.24"]
[Round "4"]
[White "Tarasov, Danila"]
[Black "Manukyan, Sevak N"]
[Result "1-0"]
[WhiteElo "1889"]
[BlackElo "1622"]
[PlyCount "97"]
[EventDate "2015.09.21"]
[EventType "swiss"]
[EventRounds "9"]
[EventCountry "CRO"]
[SourceTitle "EXT 2016"]
[Source "ChessBase"]
[SourceDate "2015.10.08"]
[SourceVersion "1"]
[SourceVersionDate "2015.10.08"]
[SourceQuality "1"]

1. e4 e6 2. d4 d5 3. Nc3 Bb4 4. Bd3 Nf6 5. e5 Nfd7 6. Qg4 g6 7. Bg5 Be7 8. h4 h5 9. Qf4 Bxg5 10. hxg5 Nc6 11. Nf3 Nb4 12. 0-0-0 Nxd3+ 13. Rxd3 b6 14. g4 Ba6 15. Re3 h4 16. Nxd5 Bb7 17. Nf6+ Nxf6 18. gxf6 Qd5 19. b3 a5 20. c4 Qd7 21. a4 0-0-0 22. Rd1 Qe8 23. Ng5 Qf8 24. Kb2 Rd7 25. Red3 c6 26. Ne4 Qh6 27. Nd6+ Rxd6 28. g5 Qf8 29. exd6 Kd7 30. c5 b5 31. Ka3 Ba6 32. axb5 Bxb5 33. Rh3 Qb8 34. Qd2 Qb7 35. Qc3 Be2 36. Rdh1 Bh5 37. Rxh4 Qb5 38. Qc4 Qb7 39. Qa4 Qa6 40. Qc4 Qb7 41. f4 Qb5 42. Qxb5 cxb5 43. f5 exf5 44. Re1 Kc6 45. Re7 Rf8 46. d7 b4+ 47. Kb2 Bg4 48. Re8 Kxd7 49. Rxf8 1-0

[Event "EU-ch U10 25th"]
[Site "Porec"]
[Date "2015.09.22"]
[Round "2"]
[White "Borhy, Marcell Boldizsar"]
[Black "Manukyan, Sevak N"]
[Result "1-0"]
[WhiteElo "1914"]
[BlackElo "1622"]
[PlyCount "83"]
[EventDate "2015.09.21"]
[EventType "swiss"]
[EventRounds "9"]
[EventCountry "CRO"]
[SourceTitle "EXT 2016"]
[Source "ChessBase"]
[SourceDate "2015.10.08"]
[SourceVersion "1"]
[SourceVersionDate "2015.10.08"]
[SourceQuality "1"]

1. d4 Nf6 2. c4 c5 3. d5 b5 4. cxb5 a6 5. bxa6 g6 6. Nc3 Bg7 7. Nf3 d6 8. g3 0-0 9. Bg2 Nxa6 10. 0-0 Bf5 11. Re1 Ne4 12. Bd2 Nxd2 13. Qxd2 Rb8 14. e4 Bd7 15. h4 Qa5 16. Rac1 Nb4 17. a3 Na2 18. b4 Bxc3 19. Rxc3 cxb4 20. Rce3 Ra8 21. Qxa2 Rfb8 22. Ra1 bxa3 23. Rxa3 Qxa3 24. Qxa3 Rxa3 25. Rxa3 Bb5 26. Bf1 Bxf1 27. Kxf1 Rb4 28. Nd2 f5 29. Re3 Kf7 30. Ke2 Rd4 31. exf5 Rxd5 32. fxg6+ hxg6 33. Ne4 Ra5 34. Ng5+ Kf8 35. Re6 Ra2+ 36. Kf3 Ra3+ 37. Kg2 d5 38. Rxg6 d4 39. h5 d3 40. h6 Ra6 41. Rxa6 e6 42. h7 1-0